000
00286nam a2200145Ia 4500
100
_a
Samsung
942
_c
BK
654
_a
Audio
245
_a
Linear IC : Audio
260
_b
Samsung
_a
Korea
_c
1990
082
_a
621.38173
_b
SAM
300
_a
700
546
_a
ENGLISH
999
_c
31372
_d
31372